000 01391nas a2200277Ia 4500
001 R240-R3281
003 IT-CnALBA
008 170116c99999999xx |||||||||||| ||und||
040 _aIT-CnALBA
_cIT-CnALBA
041 _aITALIANO
100 _aBERTETTO D. DOMENICO, SDB.
210 _aVITA CONSACRATA
222 _aVITA CONSACRATA
245 0 _aVITA CONSACRATA. MENSILE PER ISTITUTI RELIGIOSI E SECOLARI. N. V. ANNO X. MAGGIO 1974.
250 _a1a ed.
260 _a MILANO - BOLOGNA
_bANCORA EDITRICE
_c1974
300 _a64 p.
310 _aMENSILE
362 _aFascicolo: 5 / Anno: 10 (1974)
500 _aMARTIN J. MORLOT F. INFORMAZIONE E DOCUMENTAZIONE. BIBLIOGRAFIA. LA MADONNA NELLA VITA RELIGIOSA SECONDO IL CONCILIO VATICANO II E PAOLO VI. COMUNITÀ RELIGIOSA DALLO PSICHICO ALLO SPIRITUALE. VENERABILE LIBERMANN ROMA E LA SEDE APOSTOLICA. CONSACRATI PER UNA MISSIONE SECOLARE.
501 _aSocietà San Paolo EM - Piazza San Paolo, 14 - 12051 ALBA (CN) (non commercial uses only) ® Copyright 2017
520 _aMARTIN J. MORLOT F. INFORMAZIONE E DOCUMENTAZIONE. BIBLIOGRAFIA. LA MADONNA NELLA VITA RELIGIOSA SECONDO IL CONCILIO VATICANO II E PAOLO VI. COMUNITÀ RELIGIOSA DALLO PSICHICO ALLO SPIRITUALE. VENERABILE LIBERMANN ROMA E LA SEDE APOSTOLICA. CONSACRATI PER UNA MISSIONE SECOLARE.
650 _aTEOLOGIA SPIRITUALE
942 _cCR
957 _71
999 _a13326
_bNO
_g1
_c321380
_d321380